Rural development in India(Vol. 3) (Record no. 543)

MARC details
000 -LEADER
fixed length control field 00487 a2200169 4500
001 - CONTROL NUMBER
control field 066494
003 - CONTROL NUMBER IDENTIFIER
control field OSt
005 - DATE AND TIME OF LATEST TRANSACTION
control field 20210929151615.0
008 - FIXED-LENGTH DATA ELEMENTS--GENERAL INFORMATION
fixed length control field
082 ## - DEWEY DECIMAL CLASSIFICATION NUMBER
Classification number 307.1412095
Item number R88R
245 1# - TITLE STATEMENT
Title Rural development in India(Vol. 3)
Statement of responsibility, etc edited by K.R. Gupta
260 ## - PUBLICATION, DISTRIBUTION, ETC. (IMPRINT)
Place of publication, distribution, etc Delhi
Name of publisher, distributor, etc Atlantic Publication
Date of publication, distribution, etc 2008
300 ## - PHYSICAL DESCRIPTION
Extent 301p.
690 ## - LOCAL SUBJECT ADDED ENTRY--TOPICAL TERM (OCLC, RLIN)
Topical term or geographic name as entry element Rural development; Rural development--Government policy; India
700 ## - ADDED ENTRY--PERSONAL NAME
Relator term Editor
Personal name Gupta, K. R.
942 ## - ADDED ENTRY ELEMENTS (KOHA)
Source of classification or shelving scheme Dewey Decimal Classification
Koha item type Books
Holdings
Withdrawn status Lost status Source of classification or shelving scheme Damaged status Not for loan Collection code Home library Current library Date acquired Source of acquisition Cost, normal purchase price Full call number Barcode Date last seen Price effective from Koha item type
    Dewey Decimal Classification     General Text Book Central University Of Rajasthan Central University Of Rajasthan 07/03/2012 MGM 595.00 307.1412095 R88R 780 21/11/2024 02/09/2020 Books